| 000 | 00538nam a2200181 a 4500 | ||
|---|---|---|---|
| 005 | 20140310183349.0 | ||
| 008 | 070606s19uu xx 00 eng d | ||
| 020 | _a97814129807644 | ||
| 050 |
_aHF 5657.4 _b.Sm634 2005 |
||
| 100 | _aSmith, Malcolm | ||
| 245 |
_aPerformance measurement & management : _ba strategic approach to management accounting. |
||
| 260 |
_aLondon : _bSage Publications, _c2005. |
||
| 300 |
_a302 p. : _c27 cm. |
||
| 521 | _aBSBA | ||
| 650 | _aManagerial accounting. | ||
| 942 |
_cBK _2lcc _kFOR |
||
| 999 |
_c22019 _d22019 |
||